| 000 | 01362cam a22003614a 4500 | ||
|---|---|---|---|
| 001 | 7361865 | ||
| 003 | ARRUPE | ||
| 005 | 20160415092212.0 | ||
| 008 | 081216s2009 enk b 001 0 eng | ||
| 010 | _a 2008053815 | ||
| 020 | _a9780195385045 (hardback : alk. paper) | ||
| 020 | _a0195385047 (hardback : alk. paper) | ||
| 024 | _a40017055312 | ||
| 035 | _a(OCoLC)ocn291193664 | ||
| 035 | _a(OCoLC)291193664 | ||
| 035 | _a(NNC)7361865 | ||
| 040 |
_aDLC _cDLC _dBTCTA _dYDXCP _dC#P |
||
| 043 |
_ae------ _an------ |
||
| 050 | 0 | 0 |
_aBL65.V55 _bC39 2009 |
| 082 | 0 | 0 |
_a201/.76332 _222 |
| 100 | 1 |
_aCavanaugh, William T., _d1962- _922887 |
|
| 245 | 1 | 4 |
_aThe myth of religious violence : _bsecular ideology and the roots of modern conflict / _cWilliam T. Cavanaugh. |
| 260 |
_aOxford ; _aNew York : _bOxford University Press, _c2009. |
||
| 300 |
_aviii, 285 p. ; _c25 cm. |
||
| 504 | _aIncludes bibliographical references and index. | ||
| 505 | 0 | _aThe anatomy of the myth -- The invention of religion -- The creation myth of the wars of religion -- The uses of the myth. | |
| 650 | 0 |
_aViolence _xReligious aspects. _923841 |
|
| 650 | 0 |
_aReligion and politics _zWestern countries. _923877 |
|
| 650 | 0 |
_aReligion _xPhilosophy _xPolitical aspects _zWestern countries. _923878 |
|
| 942 |
_2lcc _cMONOGRAPH |
||
| 948 | 1 |
_a20091005 _bc _cdc21 _dMPS |
|
| 999 |
_c124631 _d124631 |
||